00975nam a2200253 a 450000100100000000500170001000800410002702000150006804000250008308200260010810000370013424500610017125000120023226000440024430000110028849000300029958600520032965000250038165000290040683000370043591000390047295201930051199900170070400003477220200930073908.0111019s1994 sp 000 f spa d a8472236552 aDO-SdBNPbspacBNPHU aCh863.44bS479v, 19941 aSepúlveda, Luis,d1949-91264813aUn viejo que leía novelas de amor /cLuis Sepúlveda. a17a ed. aBarcelona :bTus Quets Editores,c1994. a137 p.1 aColección andanzasv180 aPremio "Tigre Juan" año 1988 Oviedo, España 4aNovela chilena93163 4aLiteratura chilena93164 0aColección andanzasv180921681 aValidado. Control de calidad BNPHU 001050718MOaGRbGRcHDd2011-10-19iLF1l0oxxxx S479v, 1994p34772-10r2020-06-25w2020-06-25y1zPerteneció a la biblioteca personal de Juan Isidro Jimenes -GrullónZNo se presta c34263d34263